Ralph Waldo Emerson (Record no. 2665)

MARC details
000 -LEADER
fixed length control field 01514nam a22001937a 4500
005 - DATE AND TIME OF LATEST TRANSACTION
control field 20240109121828.0
020 ## - INTERNATIONAL STANDARD BOOK NUMBER
International Standard Book Number 9780553213881
040 ## - CATALOGING SOURCE
Original cataloging agency FISKH
Language of cataloging eng
Transcribing agency FISKH
Modifying agency FISKH
050 ## - LIBRARY OF CONGRESS CALL NUMBER
Classification number PS1603
082 ## - DEWEY DECIMAL CLASSIFICATION NUMBER
Classification number 814/.3
100 ## - MAIN ENTRY--PERSONAL NAME
Personal name Emerson, Ralph Waldo
Dates associated with a name 1803-1882
245 ## - TITLE STATEMENT
Title Ralph Waldo Emerson
Remainder of title selected essays, lectures, and poems
Statement of responsibility, etc. edited and with a foreword by Robert D. Richardson Jr.
260 ## - PUBLICATION, DISTRIBUTION, ETC.
Place of publication, distribution, etc. New York :
Name of publisher, distributor, etc. Bantam Classic
Date of publication, distribution, etc. 2007
300 ## - PHYSICAL DESCRIPTION
Extent 402 pages :
Dimensions 18 cm.
520 ## - SUMMARY, ETC.
Summary, etc. A new, wide-ranging selection of Ralph Waldo Emerson’s most influential writings, this edition captures the essence of American Transcendentalism and illustrates the breadth of one of America’s greatest philosophers and poets. The writings featured here show Emerson as a protester against social conformity, a lover of nature, an activist for the rights of women and slaves, and a poet of great sensitivity. As explored in this volume, Emersonian thought is a unique blend of belief in individual freedom and in humility before the power of nature. “I become a transparent eyeball,” Emerson wrote in Nature, “I am nothing; I see all; the currents of the Universal Being circulate through me; I am part or particle of God.” Written over a century ago, this passage is a striking example of the passion and originality of Emerson’s ideas, which continue to serve as a spiritual center and an ideological base for modern thought.
700 ## - ADDED ENTRY--PERSONAL NAME
Personal name Richardson, Robert D. Jr.
Titles and other words associated with a name editor
942 ## - ADDED ENTRY ELEMENTS (KOHA)
Source of classification or shelving scheme Library of Congress Classification
Koha item type Books
Suppress in OPAC No
999 ## -
-- 2665
-- 2665
Holdings
Withdrawn status Lost status Source of classification or shelving scheme Damaged status Not for loan Collection Home library Current library Shelving location Date acquired Total Checkouts Full call number Barcode Date last seen Price effective from Koha item type
    Library of Congress Classification     Fiction Footprints International School Library Network Toul Kork Campus Footprints International School Library Network Toul Kork Campus   01/09/2024   EME 818.3 PS1603 2024-0005 01/09/2024 01/09/2024 Books